书目信息 |
| 题名: |
刘公案
|
|
| 作者: | 秦明月 , 鲁岳 主编 | |
| 分册: | ||
| 出版信息: | 乌鲁木齐 新疆青少年出版社 2005 |
|
| 页数: | 486页 | |
| 开本: | 21cm | |
| 丛书名: | ||
| 单 册: | ||
| 中图分类: | I242.48 | |
| 科图分类: | ||
| 主题词: | 笑话--中国--古代--选集 , 笑话 , 小说--中国 | |
| 电子资源: | ||
| ISBN: | 978-7-5371-3677-8 | |
| 000 | 01274nam0 2200433 450 | |
| 000 | 01240nam0 2200421 450 | |
| 000 | 01203nam0 2200409 450 | |
| 000 | 01166nam0 2200397 450 | |
| 000 | 01120nam0 2200385 450 | |
| 000 | 01083nam0 2200373 450 | |
| 000 | 01046nam0 2200361 450 | |
| 000 | 01173nam0 2200337 450 | |
| 000 | 01100nam0 2200313 45 | |
| 001 | 012006061501 | |
| 005 | 20080519152710.79 | |
| 010 | @a978-7-5371-3677-8@dCNY37.58 | |
| 092 | @aCN@b496483 | |
| 100 | @a20060615d2005 em y0chiy0120 ea | |
| 101 | 0 | @achi |
| 102 | @aCN@b650000 | |
| 105 | @ay z 000dy | |
| 200 | 1 | @a刘公案@Aliu gong an@f秦明月,鲁岳主编@Fqin ming yue, lu yue zhu bian |
| 205 | @a修订版 | |
| 210 | @a乌鲁木齐@c新疆青少年出版社@d2005 | |
| 215 | @a486页@d21cm | |
| 300 | @a中华文学名著百部 第七十八部 | |
| 327 | 1 | @a梦溪笔谈@a笑林广记 |
| 517 | 1 | @a笑林广记@Axiao lin guang ji |
| 517 | 1 | @a梦溪笔谈@Ameng xi bi tan |
| 606 | 0 | @a笑话@y中国@z古代@j选集 |
| 606 | 0 | @a笑话 |
| 606 | 0 | @a小说@x中国 |
| 690 | @aI242.48@v4 | |
| 701 | 0 | @a秦明月@Aqin ming yue@4主编 |
| 701 | 0 | @a鲁岳@Alu yue@4主编 |
| 801 | 0 | @aCN@bLZJBOOK@c20080519 |
| 905 | @aBZT@dI242.48@e1 | |
| 906 | @dCNY37.58@n0@r1 | |
| 刘公案/秦明月,鲁岳主编.-修订版.-乌鲁木齐:新疆青少年出版社,2005 |
| 486页;21cm |
| 中华文学名著百部 第七十八部 |
| 部分内容:梦溪笔谈;笑林广记 |
| ISBN 978-7-5371-3677-8:CNY37.58 |
| ● |
| 相关链接 |
|
|
|
正题名:刘公案
索取号:I242.48/1
 
预约/预借
| 序号 | 登录号 | 条形码 | 馆藏地/架位号 | 状态 | 备注 |
| 1 | 647142 | 2000647142 | 中心书库中库/打包BH1555/ [索取号:I242.48/1] | 在馆 | |
| 2 | 647143 | 2000647143 | 中心书库中库/打包BH1555/ [索取号:I242.48/1] | 在馆 | |
| 3 | 647144 | 2000647144 | 中心书库中库/打包BH1555/ [索取号:I242.48/1] | 在馆 | |
| 4 | 647145 | 2000647145 | 中心书库中库/打包BH1555/ [索取号:I242.48/1] | 在馆 | |
| 5 | 647146 | 2000647146 | 中心书库中库/打包BH1555/ [索取号:I242.48/1] | 在馆 | |
| 6 | 649387 | 2000649387 | 中心书库中库/打包BH1555/ [索取号:I242.48/1] | 在馆 | |
| 7 | 649388 | 2000649388 | 中心书库中库/打包BH1555/ [索取号:I242.48/1] | 在馆 | |
| 8 | 649389 | 2000649389 | 中心书库中库/打包BH1555/ [索取号:I242.48/1] | 在馆 | |
| 9 | 649390 | 2000649390 | 中心书库中库/打包BH1555/ [索取号:I242.48/1] | 在馆 | |
| 10 | 649391 | 2000649391 | 中心书库中库/打包BH1555/ [索取号:I242.48/1] | 在馆 |